01123nam a2200253Ia 4500003000900000008004100009020001800050040001600068080002300084111008900107245024500196260006100441300001700502490002700519650002800546650002200574700002700596700002500623700003100648710004900679942000700728999001700735952011700752IN-BaIIA211028s9999 xx 000 0 eng d a1-58381-148-6 cIIA Library a082.2:52bIAU-S209 aInternational Astronomical Union Symposiumn209thcAustarliad2003 Nov. 19-23928986 0aPlanetary nebulae-their evolution and role in the universebproceedings of the 209th IAU symposium held in Canberra ,Austarlia, 19-23 Nov, 2003cedited by S. Kwok, M. Dopita and R. Sutherland  aSan FranciscobAstronomical Society of the Pacificc2003 axxxiv, 651p. aIAU symposium; no. 209 aPlnetary nebulae928987 aStellar evolution aDopita, M., ed.928988 aKwok, S., ed.915359 aSutherland, R., ed.928989 aAstronomical Society of the PacificĀ 922919 cBK c15722d15722 00104070aBANbBANcGENd2004-08-21eASP l0o082.2:52/ IAU-S209p16644r2021-11-05w2004-08-21yBK 95.00